Modelo de integración social del IPN, programa estratégico de vinculación, internacionalización y cooperación vol 6

Bibliographic Details
Main Author: México. Instituto Politécnico Nacional
Format: Section = Libro
Language:Undetermined
Spanish
Published: México Instituto Politécnico Nacional 2005
Subjects:
LEADER 00726nam a2200205Ia 4500
008 240829s9999 xx 000 0 und d
020 |a 970-36-0083-2 
040 |a BIBLIOTECA-RUSB/ Ref 378.1 M611 
041 |a spa 
082 |a Ref 378.1 M611 
100 1 |a México. Instituto Politécnico Nacional 
245 1 0 |a Modelo de integración social del IPN, programa estratégico de vinculación, internacionalización y cooperación vol 6 
260 |a México  |b Instituto Politécnico Nacional  |c 2005 
300 |a 112 p. :il. 
650 7 |a REFORMA EDUCATIVA 
650 7 |b  EDUCACION SUPERIOR - INTEGRACION SOCIAL 
650 7 |c  EDUCACION - INVESTIGACION - TEMAS RELACIONADOS 
942 |c BK  |2 ddc 
991 |a TEXTO 
999 |c 5954